000 00285nam a2200121Ia 4500
008 190216s9999||||xx |||||||||||||| ||und||
100 _aRoger Gregoire
245 0 _aTeaching Of Business Management
260 _bS Chand & Co
_c1968
300 _a348p
650 _aCommerce
942 _cBK
999 _c4497
_d4497